00819nam a2200205 i 450000100060000000300090000600500170001500700030003200800410003510000220007624501510009826000570024930000220030649000470032870000280037583000550040385200210045899900170047995201170049693522ES-MaACL20230906181242.0t|050608n18401900sp ||||1| spa d1 aMathey, A.97903713aLa revancha de Clodión / cnovela original de A. Mathey, traducida expresamente para regalarla a los sucritores de La Iberia por Enrique Pastor. aMadrid : b[s.n., c18--?] (fImprenta de La Iberia) a473 p. ; c20 cm.1 aBiblioteca de La Iberia, diario político1 aPastor, Enrique.9894750 aBiblioteca de La Iberia, diario político9232100 aES-MaACLjD-3017 c93522d93522 00104070aATENEOMbATENEOMcSVId2008-01-17eSCl0oD-3017p901097664r2023-02-23 00:00:00w2023-02-23yMONANT